000 01618 a2200241 4500
001 40113
005 20260407155656.0
008 260407a1986 arg spa d
003 AR-UNSa-BCEJYS
040 _aAR-UNSa-BCEJYS
_bspa
_cAR-UNSa-BCEJYS
080 _a930.1
_xLa historia como ciencia. Teoría y filosofía de la historia. Morfología de la historia
245 1 0 _aLecciones sobre la filosofia de la historia universal
020 _a84-206-2265-6
264 1 _aMadrid :
_bAlianza Editorial
_c1986
300 _a701 p.
_c20 cm.
505 _aIntroducción general: 1. La visión racional de la historia universal - 2. La idea de la historia y su realización - 3. El curso de la historia universal - Introducción especial: 1. La distinta manera de considerar la historia - 2. La conexión de la naturaleza o los fundanemtos geográficos de la historia universal - 3. División de la historia universal - Parte I: El mundo oriental : 1. China - 2. India - 3. Persia - 4. Asia occidental - 5. Egipto - Parte II: El mundo griego : 1. Los elementos del mundo griego - 2. La madurez del espíritu griego - 3. La afirmación histórica del espíritu griego - Parte III: El mundo romano : 1. Los elementos del espiritu romano - 2. Historia del estado romano - 3. El cristianismo - Parte IV: El mundo germánico : 1. Primer periodo : El comienzo - 2. Segundo periodo: La edad media - 3. Tercer periodo : La edad moderna
041 _aspa
942 _cBK
590 _aniveau_biblio:m niveau_hierar:0
100 1 _aWilhelm, Georg
700 1 _aHegel, Georg Wilhelm Friedrich
700 1 _aOrtega y Gasset, José
999 _c3180
_d3180